00757nam a2200277Ia 4500001000900000003000500009005001700014008004100031010001100072020002200083040000900105082002800114100002100142245003900163260005600202300001100258440002100269500003200290503000700322650004000329650001400369650003800383650001300421650002200434650002300456dia_6428CHAP20251023163739.0220117s2008 xx 000 0 und d a177517 a978-607-11-0163-1 cCHAP a808.839375 M49 C74 2008 aMeyer, Stephenie aCrepúsculo /c Stephenie Meyers aMéxico :b Santillana Ediciones Generales,c2008 a531 p. aPunto de lectura aTítulo original: Twilight aD. aAmerican literaturex21st century  aFiction  aLiteratura americanaxSiglo XXI  aNovela  aVampiresxFiction aVampirosxNovela